| 000 | 00624cam a22001815a 4500 | ||
|---|---|---|---|
| 001 | L155955 | ||
| 008 | 120423s1865 xxk f 000 0 eng d | ||
| 035 | _a(Sirsi) u155955 | ||
| 041 | 0 | _aeng | |
| 100 | 1 | _aHurst, John Thomas | |
| 245 | 0 | 2 | _aA hand-book of formulae, tables, and memoranda for architectural surveyors, and others engaged in building |
| 260 |
_aLondon _bE. and F.N. Spon, 16, Bucklersbury _c1865 |
||
| 300 |
_a[2], v, [1], 338 p. _c13 x 9 cm. |
||
| 583 |
_aCondition reviewed _c20120620 _lcondition level 1 and 3 |
||
| 651 | 4 |
_aGreat Britain _y1707- |
|
| 690 |
_aConstruction management _96230 |
||
| 942 | _n0 | ||
| 999 |
_c113942 _d113942 |
||